00382pab a2200145 454500008004000000100001700040245005900057260000900116300001500125362000800140650001000148700002300158700001900181773003600200180718b2011 xxu||||| |||| 00| 0 eng d aShapiro,Mary aUsing power to influence outcomes: Does gender matter? c2011 ap.713-748. aOct aWomen aBlake-Beard, Stacy aIngols,Cynthia aJournal of Management Education